Top 20 des mangas les plus vendus - Statistiques

Statistiques générales
  • Ce quiz a été pris 875 fois
  • Le résultat moyen est 7 sur 20
Statistiques - réponses
Ventes approximatives Nombre de volume Titre % Correct
516,6 millions 107 One piece
99%
260 millions 72 Naruto
98%
300 millions 42 Dragon ball
90%
130 millions 74 Bleach
72%
140 millions 34 L'Attaque des Titans
64%
150 millions 23 Demon slayer
63%
270 millions 104 Detective Conan
47%
120 millions 133 JoJo's Bizarre Adventure
37%
170 millions 31 Slam dunk
25%
100 millions 71 Kingdom
21%
100 millions 140 Ippo
19%
300 millions 45 Doraemon
14%
300 millions 209 Golgo 13
11%
100 millions 27 Ken le Survivant
11%
100 millions 23 Astro, le petit robot
10%
156,5 millions 201 KochiKame
6%
148 millions 61 Crayon Shin-chan
4%
130 millions 111 Oishinbo
4%
100 millions 26 Touch
4%
100 millions 90 Les Enquêtes de Kindaichi
3%
Aucun quiz correspondant
Distribution des résultats
% des personnes avec chaque résultat
Percentile par nombre de réponses
Votre historique - résultats
Vous n’avez pas pris ce quiz